| 000 | 00592nam a2200193Ii 4500 | ||
|---|---|---|---|
| 003 | JO-AjNU | ||
| 008 | 230605s9999||||xx |||||||||||||| ||und|| | ||
| 040 |
_aJO-AjNU _bara _erda _cJO-AjNU |
||
| 041 | _aara | ||
| 050 | 1 | 4 | _aGV1017.V6.M8 1991 |
| 100 | 3 |
_aسالم، مختار, _eauthor _97157 |
|
| 245 | 0 | 0 | _aحول كرة الطائرة |
| 264 | 3 | 1 | _aبيروت: مؤسسة المعارف، 1991 |
| 300 | _a255ص | ||
| 336 |
_atext _btxt _2rdacontent |
||
| 337 |
_aunmediated _bn _2rdamedia |
||
| 338 |
_avolume _bnc _2rdacarrier |
||
| 650 | 4 |
_aالكرة الطائرة - الرياضة _97158 |
|
| 999 |
_aA136 _c3704 _d3704 |
||